| 000 | 00685nam a22002177a 4500 | ||
|---|---|---|---|
| 003 | KOHA_MİRAKIL | ||
| 005 | 20260428082452.0 | ||
| 008 | 260427b tu ||||| |||| 00| 0 tur d | ||
| 020 | _a9786053250005 | ||
| 040 |
_aTR-AnABB _btur _cTR-AnABB |
||
| 041 | _atur | ||
| 082 |
_a923.556 1 _bCAK 2014 |
||
| 100 | 1 | _aÇakmakoğlu, Sabahattin | |
| 245 | 1 | 0 |
_aDünde kalan sözler / _cSabahattin Çakmakoğlu |
| 260 |
_aİstanbul : _bKültür Ajans, _c2014 |
||
| 300 |
_a506 sayfa ; _c20 cm |
||
| 500 | _aYazar tarafından Prof. Dr. Ruşen Keleş için imzalanmıştır. | ||
| 650 | 0 | 4 | _aBiyograf, Kamu yöneticileri |
| 900 | _bCan ÇELIK | ||
| 942 |
_2ddc _cBK |
||
| 999 |
_c10341 _d10341 |
||